000 00763nam a2200241 i 4500
003 DO-SdBNP
005 20250721095253.0
007 ta
008 250721b2001 dr ||||| |||| 00| 0 spa d
020 _a999347200X
040 _aDO-SdBNP
_bspa
_cBNPHU
_erda
041 _aspa
082 4 _axxx
_bxxx
_222
100 _aCruz Eduardo, Alberto,
_eautor
_4aut.
_980575
245 1 0 _aIntegración de Las Américas :
_bdesafíos y oportunidades /
_cAlberto Cruz Eduardo ; prólogo, Eduardo Klinger Pevida
336 _atexto
_btxt
_2rdacontent
337 _asin mediación
_bn
_2rdamedia
338 _avolumen
_bnc
_2rdacarrier
590 _aInventariado, 2025/BT
700 _aKlinger Pevida, Eduardo,
_eprologuista
_4pr.
_92240
910 _aBtavárez
942 _2ddc
_cLBS1
999 _c59586
_d59586